LEADER 00963nam0-22003011i-450- 001 990001165220203316 005 20030715171604.0 010 $a0-393-95027-1 035 $a000116522 035 $aUSA01000116522 035 $a(ALEPH)000116522USA01 035 $a000116522 100 $a20030715-1980----kma0ita00103--ba 101 0 $aeng 105 $a||||||||001yy 200 1 $aPuddn'head Wilson$eand Those extraordinary twins$eauthoritative texts$etextual introduction and table of variants$ecriticism$fSamuel Langhorne Clemens$gedited by Sidney E. Berger 210 $aNew York [etc.]$cW.W Norton$dcopyr. 1980 215 $aXII, 383 p.$cill.$d21 cm. 676 $a813.8 700 1$aTWAIN,$bMark$027404 912 $a990001165220203316 951 $aAMA CLE2$b2505 DSLL 959 $aBK 969 $aDSLL 979 $aPATRY$b90$c20030715$lUSA01$h1716 979 $aPATRY$b90$c20040406$lUSA01$h1722 996 $aPudd'nhead Wilson$91548086 997 $aUNISA LEADER 00768nam0-22002771i-450 001 990005089980403321 005 20210526151023.0 035 $a000508998 035 $aFED01000508998 035 $a(Aleph)000508998FED01 035 $a000508998 100 $a19990530f19001997km-y0itay50------ba 101 0 $aita 105 $ay-------001yy 200 1 $aDecameron$eQuinta giornata$fBoccaccio 210 $aStrasburgo$cHeitz$d19- 215 $a90 p.$d16 cm 225 1 $aBibliotheca romanica$iBiblioteca italiana 700 1$aBoccaccio,$bGiovanni$f<1313-1375>$0148906 801 0$aIT$bUNINA$gRICA$2UNIMARC 901 $aBK 912 $a990005089980403321 952 $aP.3 A1(962;5)$bBibl.919$fFLFBC 959 $aFLFBC 996 $aDecamerone$924674 997 $aUNINA LEADER 03121nam 2200841z- 450 001 9910557372403321 005 20220111 035 $a(CKB)5400000000042167 035 $a(oapen)https://directory.doabooks.org/handle/20.500.12854/76510 035 $a(oapen)doab76510 035 $a(EXLCZ)995400000000042167 100 $a20202201d2021 |y 0 101 0 $aeng 135 $aurmn|---annan 181 $ctxt$2rdacontent 182 $cc$2rdamedia 183 $acr$2rdacarrier 200 00$aResearch on Gang-Related Violence in the 21st Century 210 $aBasel, Switzerland$cMDPI - Multidisciplinary Digital Publishing Institute$d2021 215 $a1 online resource (188 p.) 311 08$a3-0365-1534-8 311 08$a3-0365-1533-X 330 $aConflict, including the threat or fear of potential violence, or being witness to or a victim of physical violence, constantly surrounds gangs and their communities and is the principal driver sustaining gang life. This Special Issue examines the diverse nature of gang-related violence with the goal of better understanding the growing complexities of gang violence over the last two decades to better inform public policy solutions. The contributions included in this Special Issue highlight the complex nature of gang-related violence in the 21st Century. As much as policy makers, the media, and even scholars like to simplify gang-related violence, all of the studies included in this Special Issue highlight the nuance and variation that exists. 606 $aDrugs trade / drug trafficking$2bicssc 606 $aLaw$2bicssc 610 $acivil gang injunctions 610 $acomparative research 610 $aconflict network 610 $acriminal behavior 610 $acrisis 610 $adesistance 610 $adisaggregation 610 $adrug markets 610 $aethnography 610 $afocused deterrence 610 $agang 610 $agang homicide 610 $agang violence 610 $agangs 610 $ageneralized cross-entropy 610 $aGood Lives Model 610 $ahomicide 610 $ahomicide types 610 $aincident reports 610 $aintervention 610 $alatent class analysis 610 $an/a 610 $anetwork composition 610 $aopioids 610 $aorganized crime 610 $aoverdose 610 $apolice data 610 $aprevention 610 $apublic health 610 $aretaliation 610 $ashootings 610 $asocial media 610 $asocial network analysis 610 $asocial networks 610 $aspatial concentration 610 $astreet gang violence 610 $astreet gangs 610 $aviolence 615 7$aDrugs trade / drug trafficking 615 7$aLaw 700 $aValasik$b Matthew$4edt$01327000 702 $aReid$b Shannon E$4edt 702 $aValasik$b Matthew$4oth 702 $aReid$b Shannon E$4oth 906 $aBOOK 912 $a9910557372403321 996 $aResearch on Gang-Related Violence in the 21st Century$93037779 997 $aUNINA